[Event "13th Dubai open 2011"]
[Site "Dubai Chess club"]
[Date "2011.04.12"]
[Round "3"]
[Board "1"]
[White "Mchedlishvili, Mikheil"]
[Black "Carlstedt, Jonathan"]
[Result "1-0"]
[WhiteElo "2629"]
[BlackElo "2386"]
[PlyCount "57"]
[EventDate "2011.04.10"]
[EventRounds "9"]
[EventCountry "UAE"]

1.e4 c5 2.Nf3 Nf6 3.e5 Nd5 4.d4 cxd4 5.Qxd4 e6 6.Bc4 Nc6 7.Qe4 d6 8.exd6 Nf6
9.Qh4 Bxd6 10.O-O Qc7 11.Nc3 a6 12.Bg5 Ne5 13.Nxe5 Bxe5 14.Rfe1 Bd7 15.Rad1 Rc8
16.Bb3 h6 17.Bc1 Rg8 18.Ne2 g5 19.Qh3 h5 20.Nd4 g4 21.Qe3 g3 22.hxg3 Ng4 23.Qf3
h4 24.Re4 f5 25.Nxf5 exf5 26.Bxg8 Qxc2 27.Rxe5+ Nxe5 28.Qh5+ Kd8 29.Bg5+

[Event "13th Dubai open 2011"]
[Site "Dubai Chess club"]
[Date "2011.04.12"]
[Round "3"]
[Board "1"]
[White "Shyam, Sundar M"]
[Black "Berg, Emanuel"]
[Result "1-0"]
[WhiteElo "2457"]
[BlackElo "2612"]
[PlyCount "79"]
[EventDate "2011.04.10"]
[EventRounds "9"]
[EventCountry "UAE"]

1.e4 c5 2.Nf3 d6 3.d4 cxd4 4.Nxd4 Nf6 5.Nc3 a6 6.Be3 e5 7.Nb3 Be6 8.Qd2 Nbd7
9.O-O-O Rc8 10.f3 h5 11.Kb1 Be7 12.h3 b5 13.Bd3 h4 14.f4 Qc7 15.Rhe1 O-O 16.f5
Bc4 17.g4 b4 18.Nd5 Bxd5 19.exd5 Nxd5 20.g5 Nxe3 21.Qxe3 d5 22.f6 Bc5 23.Nxc5
Qxc5 24.Bf5 Qxe3 25.Rxe3 d4 26.Re4 Rfd8 27.fxg7 Kxg7 28.Rxh4 Rc6 29.Rh7+ Kg8
30.g6 Rf6 31.Rxf7 Rxf7 32.Be6 Kf8 33.gxf7 Nc5 34.Bc4 Ne4 35.Rg1 Ke7 36.Re1 Nd6
37.Rxe5+ Kf8 38.Bxa6 Kxf7 39.a4 bxa3 40.bxa3 {Game finished at move 58!}

[Event "13th Dubai open 2011"]
[Site "Dubai Chess club"]
[Date "2011.04.12"]
[Round "3"]
[Board "1"]
[White "Khukhashvili, Sopiko"]
[Black "Amin, Bassem"]
[Result "0-1"]
[WhiteElo "2421"]
[BlackElo "2596"]
[PlyCount "94"]
[EventDate "2011.04.10"]
[EventRounds "9"]
[EventCountry "UAE"]

1.e4 e5 2.Nf3 Nc6 3.Bb5 a6 4.Ba4 Nf6 5.O-O Be7 6.Re1 b5 7.Bb3 O-O 8.c3 d6 9.h3
Nb8 10.d4 Nbd7 11.Nbd2 Bb7 12.Bc2 Re8 13.a4 Bf8 14.Bd3 b4 15.d5 Nc5 16.Bc2 a5
17.Nb3 c6 18.c4 cxd5 19.cxd5 Ba6 20.Bg5 g6 21.Bxf6 Qxf6 22.Nxa5 Rab8 23.b3 h5
24.Nc6 Bh6 25.Nxb8 Rxb8 26.h4 Rc8 27.a5 Kg7 28.g3 Rc7 29.Kg2 Qd8 30.Rh1 Qc8
31.Ne1 Qb7 32.g4 hxg4 33.Qxg4 Nd7 34.h5 Nf6 35.Qd1 Rc3 36.hxg6 fxg6 37.Ra4 Nh5
38.Rxh5 gxh5 39.Bd3 Qd7 40.Rxb4 h4 41.Qf3 Bd2 42.Rb8 Bc8 43.Nc2 h3+ 44.Kh1 Bf4
45.Qe2 Qg4 46.f3 Qg3 47.Rxc8 Rxd3

[Event "13th Dubai open 2011"]
[Site "Dubai Chess club"]
[Date "2011.04.12"]
[Round "3"]
[Board "1"]
[White "Fedorov, Alexei"]
[Black "Udeshi, Aditya"]
[Result "1-0"]
[WhiteElo "2596"]
[BlackElo "2362"]
[PlyCount "71"]
[EventDate "2011.04.10"]
[EventRounds "9"]
[EventCountry "UAE"]

1.e4 c5 2.Nf3 d6 3.d4 cxd4 4.Nxd4 Nf6 5.Nc3 a6 6.Bc4 e6 7.a3 b5 8.Ba2 Bb7 9.O-O
Nc6 10.Be3 Be7 11.f3 O-O 12.Kh1 Qc7 13.Qe2 Rac8 14.Rad1 Na5 15.Bc1 Qb8 16.Rd3
Nc4 17.f4 Qa8 18.Re1 Rfd8 19.Rg3 Bf8 20.Nf3 d5 21.e5 Ne4 22.Nxe4 dxe4 23.Ng5 h6
24.Qh5 Rd7 25.f5 exf5 26.e6 fxe6 27.Nxe6 Bd6 28.Rxg7+ Rxg7 29.Nxg7 e3 30.Nxf5
Bxg2+ 31.Kg1 Bc5 32.Qg6+ Kf8 33.Qg7+ Ke8 34.Qxg2 Ne5 35.Qg8+ Kd7 36.Qe6+

[Event "13th Dubai open 2011"]
[Site "Dubai Chess club"]
[Date "2011.04.12"]
[Round "3"]
[Board "1"]
[White "Hayrapetian, Ovik"]
[Black "Guseinov, Gadir"]
[Result "0-1"]
[WhiteElo "2390"]
[BlackElo "2584"]
[PlyCount "86"]
[EventDate "2011.04.10"]
[EventRounds "9"]
[EventCountry "UAE"]

1.d4 Nf6 2.Nf3 g6 3.c4 Bg7 4.Nc3 O-O 5.e4 d6 6.h3 e5 7.dxe5 dxe5 8.Qxd8 Rxd8
9.Bg5 Na6 10.Nd5 Rd6 11.Bxf6 Bxf6 12.b4 c6 13.Nxf6+ Rxf6 14.a3 Nc7 15.Rd1 Re6
16.Rd8+ Kg7 17.c5 b5 18.Be2 a5 19.O-O Re7 20.Rfd1 Na6 21.Rb1 f6 22.Rd6 Bd7
23.Ne1 axb4 24.axb4 Nc7 25.Bg4 Bxg4 26.hxg4 Ra6 27.g5 fxg5 28.g4 Ne8 29.Nd3 Nxd6
30.cxd6 Rd7 31.Nc5 Raa7 32.Rd1 Kf7 33.Rd3 Ke8 34.Kg2 Ra4 35.Nxa4 bxa4 36.Rc3 Ra7
37.Rh3 a3 38.d7+ Kd8 39.Rxh7 Ra4 40.Rh1 a2 41.Ra1 Kxd7 42.Kf3 Kc7 43.Ke3 Kb6

[Event "13th Dubai open 2011"]
[Site "Dubai Chess club"]
[Date "2011.04.12"]
[Round "3"]
[Board "1"]
[White "Nitin, S"]
[Black "Gupta, Abhijeet"]
[Result "1/2-1/2"]
[WhiteElo "2365"]
[BlackElo "2580"]
[PlyCount "77"]
[EventDate "2011.04.10"]
[EventRounds "9"]
[EventCountry "UAE"]

1.e4 e5 2.Nf3 Nc6 3.Nc3 Nf6 4.Bb5 Bb4 5.O-O O-O 6.d3 d6 7.Bg5 Ne7 8.Nh4 c6 9.Ba4
Nd7 10.Bb3 Nc5 11.Nf5 Bxf5 12.exf5 h6 13.Bh4 Qd7 14.Bxe7 Qxe7 15.Ne2 d5 16.c3
Nxb3 17.axb3 Bd6 18.Ng3 b5 19.Qg4 a5 20.Rfe1 Qg5 21.Qxg5 hxg5 22.Ra2 Bc7 23.Kf1
f6 24.f3 Kf7 25.Nh5 g6 26.fxg6+ Kxg6 27.g4 f5 28.Kg2 f4 29.c4 dxc4 30.bxc4 b4
31.d4 Rfe8 32.d5 Red8 33.Rd1 Bb6 34.b3 Bd4 35.dxc6 Rdc8 36.h4 a4 37.hxg5 Kxg5
38.Ng7 Rxc6 39.Nf5 {Game finished at move 49!}

[Event "13th Dubai open 2011"]
[Site "Dubai Chess club"]
[Date "2011.04.12"]
[Round "3"]
[Board "1"]
[White "Atabayev, Maksat"]
[Black "Anastasian, Ashot"]
[Result "0-1"]
[WhiteElo "2355"]
[BlackElo "2556"]
[PlyCount "82"]
[EventDate "2011.04.10"]
[EventRounds "9"]
[EventCountry "UAE"]

1.e4 c5 2.c3 Nf6 3.e5 Nd5 4.d4 e6 5.Nf3 cxd4 6.cxd4 b6 7.Bd3 Bb7 8.O-O Be7 9.Nc3
O-O 10.Qe2 Nxc3 11.bxc3 d6 12.exd6 Qxd6 13.Ne5 Nd7 14.f4 Rac8 15.Bd2 g6 16.Nc4
Qc6 17.Ne5 Qc7 18.c4 Rfd8 19.Be3 Nf6 20.Bf2 Rd6 21.Rad1 Ba6 22.Rfe1 Rdd8 23.Rf1
Nh5 24.Qg4 f5 25.Qf3 Nf6 26.Qh3 Nd7 27.Rc1 Nxe5 28.fxe5 Rd7 29.Qg3 b5 30.c5 Qd8
31.Rfd1 Rxd4 32.Bxd4 Qxd4+ 33.Qf2 Qxe5 34.c6 Bg5 35.Rc5 Qc7 36.a4 Rd8 37.axb5
Bc8 38.Be2 Rxd1+ 39.Bxd1 Qd6 40.Be2 Bd8 41.c7 Bxc7 {Game finished at move 57!}

[Event "13th Dubai open 2011"]
[Site "Dubai Chess club"]
[Date "2011.04.12"]
[Round "3"]
[Board "1"]
[White "Mirzoeva, Elmira"]
[Black "Kotanjian, Tigran"]
[Result "0-1"]
[WhiteElo "2272"]
[BlackElo "2527"]
[PlyCount "94"]
[EventDate "2011.04.10"]
[EventRounds "9"]
[EventCountry "UAE"]

1.d4 c5 2.d5 e5 3.e4 d6 4.Bb5+ Nd7 5.a4 g6 6.Nf3 Bg7 7.Nc3 Ne7 8.h4 a6 9.Be2 h5
10.a5 O-O 11.Nd2 f5 12.Nc4 Nf6 13.exf5 Bxf5 14.Bg5 Nh7 15.Qd2 Nxg5 16.hxg5 Qc7
17.Bf3 Nc8 18.O-O Ne7 19.Be4 Rad8 20.Bxf5 gxf5 21.Qe2 Ng6 22.Qxh5 Nf4 23.Qh4 Kf7
24.Qh7 Ke8 25.g3 Qf7 26.Qh1 Rh8 27.Qf3 Nh3+ 28.Kg2 Nxg5 29.Qe3 f4 30.gxf4 Nh3
31.Rh1 Nxf4+ 32.Kg1 Rxh1+ 33.Kxh1 Ke7 34.Qg3 Bf6 35.Ne3 Rh8+ 36.Kg1 Bh4 37.Qf3
Nh3+ 38.Kg2 Rg8+ 39.Ng4 Nxf2 40.Qxf7+ Kxf7 41.Rf1 Rxg4+ 42.Kf3 Rf4+ 43.Ke2 Ng4
44.Rxf4+ exf4 45.Kf3 Ne3 46.Ne4 Be7 47.Kxf4 Nxc2

[Event "13th Dubai open 2011"]
[Site "Dubai Chess club"]
[Date "2011.04.12"]
[Round "3"]
[Board "1"]
[White "Grabinsky, Vladimir"]
[Black "Iskusnyh, Sergei"]
[Result "0-1"]
[WhiteElo "2303"]
[BlackElo "2481"]
[PlyCount "48"]
[EventDate "2011.04.10"]
[EventRounds "9"]
[EventCountry "UAE"]

1.e4 e6 2.d4 d5 3.Nd2 c5 4.exd5 exd5 5.Ngf3 a6 6.c4 cxd4 7.cxd5 Nf6 8.Bc4 Bc5
9.Bb3 b5 10.O-O O-O 11.Qc2 Nbd7 12.Ne4 Nxe4 13.Qxe4 Bb7 14.Bg5 Nf6 15.Qf5 Qc8
16.Qf4 Qb8 17.Qh4 Nxd5 18.Nxd4 h6 19.Nf5 Qe5 20.Bc2 Rfe8 21.Bxh6 gxh6 22.Rae1
Qf6 23.Nxh6+ Kf8 24.Rxe8+ Rxe8

[Event "13th Dubai open 2011"]
[Site "Dubai Chess club"]
[Date "2011.04.12"]
[Round "3"]
[Board "1"]
[White "Saduakassova, Dinara"]
[Black "Harutjunyan, Gevorg"]
[Result "1-0"]
[WhiteElo "2208"]
[BlackElo "2468"]
[PlyCount "98"]
[EventDate "2011.04.10"]
[EventRounds "9"]
[EventCountry "UAE"]

1.e4 c5 2.Nf3 e6 3.d4 cxd4 4.Nxd4 a6 5.Be2 Nf6 6.Nc3 Qc7 7.O-O d6 8.a4 Be7 9.Kh1
b6 10.f4 Nbd7 11.Qe1 Bb7 12.Bf3 O-O 13.Qg3 d5 14.exd5 Nxd5 15.Nxd5 Bxd5 16.Bxd5
exd5 17.Be3 Bf6 18.c3 Nc5 19.Qf3 Qd7 20.a5 b5 21.Nc2 Na4 22.Rab1 Rfe8 23.Rfd1
Qf5 24.Nb4 Rad8 25.Nxa6 d4 26.Bxd4 Bxd4 27.cxd4 Rxd4 28.b3 Rxd1+ 29.Rxd1 Nb2
30.Qe2 Qc8 31.Qxb2 Qxa6 32.b4 Qd6 33.Ra1 h5 34.h3 Qxf4 35.a6 Ra8 36.Qc3 Qd6
37.a7 Qb6 38.Qe5 g6 39.Ra5 h4 40.Qc5 Qf6 41.Qxb5 Kg7 42.Qc5 Qf1+ 43.Qg1 Qc4
44.b5 Qb4 45.b6 Qxa5 46.b7 Qxa7 47.Qxa7 Rxa7 48.b8=Q Ra5 49.Qb7 Kg8 {Game
finished at move 79!}

[Event "13th Dubai open 2011"]
[Site "Dubai Chess club"]
[Date "2011.04.12"]
[Round "3"]
[Board "1"]
[White "Guliev, Logman"]
[Black "Sanal, Vahap"]
[Result "0-1"]
[WhiteElo "2468"]
[BlackElo "2200"]
[PlyCount "89"]
[EventDate "2011.04.10"]
[EventRounds "9"]
[EventCountry "UAE"]

1.e4 e5 2.Nf3 Nc6 3.Bb5 a6 4.Ba4 Nf6 5.O-O b5 6.Bb3 Nxe4 7.d4 d5 8.dxe5 Be6
9.Be3 Be7 10.c3 O-O 11.Nbd2 f5 12.exf6 Nxf6 13.Bc2 Qd7 14.Qb1 h6 15.Nh4 Bd6
16.Ndf3 g5 17.Bf5 Ne4 18.Bxe4 dxe4 19.Qxe4 Rae8 20.Nd4 gxh4 21.Qxc6 Qg7 22.Nxe6
Rxe6 23.Qd5 Qg6 24.f4 Rf5 25.Qb3 Kh7 26.Rf3 Rxe3 27.Rxe3 Bc5 28.Rae1 Rxf4 29.Qd1
Qe4 30.Qd2 Rf7 31.Qf2 Qc4 32.b3 Rxf2 33.bxc4 Rxa2 34.cxb5 axb5 35.Kf1 Bxe3
36.Rxe3 c5 37.Re5 b4 38.Rxc5 Rb2 39.Rb5 Kg6 40.h3 b3 41.Kg1 Kf6 42.Kf1 Ke6
43.Kg1 Kd6 44.Kh2 Rc2 45.Rh5 {Game finisehd at move 56!}

[Event "13th Dubai open 2011"]
[Site "Dubai Chess club"]
[Date "2011.04.12"]
[Round "3"]
[Board "1"]
[White "Ganguly, Surya Shekhar"]
[Black "Al-Tarbosh, Ward"]
[Result "1-0"]
[WhiteElo "2643"]
[BlackElo "2230"]
[PlyCount "105"]
[EventDate "2011.04.10"]
[EventRounds "9"]
[EventCountry "UAE"]

1.e4 e6 2.d4 d5 3.Nc3 Nf6 4.e5 Nfd7 5.f4 c5 6.Nf3 Nc6 7.Be3 a6 8.Qd2 b5 9.a3 Qa5
10.Ra2 Qb6 11.Ne2 b4 12.axb4 cxb4 13.b3 a5 14.g4 h5 15.gxh5 Ba6 16.Ng3 Bxf1
17.Rxf1 Ne7 18.Qe2 Qc6 19.Bd2 Qb6 20.Ra4 Qc6 21.Kf2 Nb6 22.Ra2 Nf5 23.Nxf5 exf5
24.e6 fxe6 25.Ne5 Qc8 26.Rfa1 Qa6 27.Qxa6 Rxa6 28.Rxa5 Rxa5 29.Rxa5 Rxh5 30.Ra6
Rxh2+ 31.Kg3 Rxd2 32.Rxb6 Rxc2 33.Rb8+ Ke7 34.Ng6+ Kd6 35.Rxf8 Rc3+ 36.Kf2 Rxb3
37.Ne5 Kc7 38.Rf7+ Kb6 39.Rxg7 Rc3 40.Ke2 b3 41.Kd2 Rc2+ 42.Kd3 Rf2 43.Rg1 Kb5
44.Kc3 Rxf4 45.Rb1 Ka4 46.Ra1+ Kb5 47.Ra3 Kb6 48.Rxb3+ Kc7 49.Ra3 Re4 50.Ra7+
Kb8 51.Nc6+ Kc8 52.Kb4 Re1 53.Kc5

[Event "13th Dubai open 2011"]
[Site "Dubai Chess club"]
[Date "2011.04.12"]
[Round "3"]
[Board "1"]
[White "Berezina, Irina"]
[Black "Aleksandrov, Aleksej"]
[Result "0-1"]
[WhiteElo "2199"]
[BlackElo "2638"]
[PlyCount "86"]
[EventDate "2011.04.10"]
[EventRounds "9"]
[EventCountry "UAE"]

1.d4 Nf6 2.Nf3 e6 3.e3 c5 4.Bd3 Nc6 5.O-O Be7 6.b3 O-O 7.Bb2 cxd4 8.exd4 Nb4
9.Be2 Nbd5 10.Re1 Nf4 11.Bf1 b6 12.g3 Ng6 13.Bg2 Bb7 14.Nbd2 Re8 15.c3 Rc8
16.Qe2 Bf8 17.h3 Rc7 18.Rec1 Qa8 19.c4 h5 20.h4 Ng4 21.Ne1 d5 22.f3 Nf6 23.Nd3
Ne7 24.Qf2 dxc4 25.bxc4 Rd8 26.Ne5 Nf5 27.Nb3 Nd7 28.Nxd7 Rdxd7 29.c5 Be7 30.Rc2
Bd5 31.Nd2 Qd8 32.a4 Ba8 33.Nb3 bxc5 34.dxc5 Rd3 35.Rc3 Rxc3 36.Bxc3 Qd5 37.Rb1
Rb7 38.f4 Rxb3 39.Bxd5 Rxb1+ 40.Be1 Bxd5 41.Kf1 Bf6 42.c6 Bxc6 43.Qxa7 Bd4

[Event "13th Dubai open 2011"]
[Site "Dubai Chess club"]
[Date "2011.04.12"]
[Round "3"]
[Board "1"]
[White "Hammer, Jon Ludvig"]
[Black "Mohannad, Farhan"]
[Result "1-0"]
[WhiteElo "2606"]
[BlackElo "2221"]
[PlyCount "69"]
[EventDate "2011.04.10"]
[EventRounds "9"]
[EventCountry "UAE"]

1.d4 Nf6 2.c4 g6 3.g3 Bg7 4.Bg2 O-O 5.Nc3 d6 6.Nf3 c5 7.d5 Na6 8.O-O Nc7 9.h3 e6
10.a4 exd5 11.cxd5 Re8 12.Nd2 b6 13.Nc4 Ba6 14.Qb3 Bxc4 15.Qxc4 a6 16.Rb1 Nd7
17.e3 Rb8 18.b3 b5 19.Qd3 c4 20.bxc4 Nc5 21.Qd2 bxc4 22.Ba3 Nb3 23.Qc2 f5 24.Ne2
Qd7 25.Rfd1 Qxa4 26.Bxd6 Nb5 27.Bxb8 Na3 28.Qa2 Rxb8 29.d6 Qb4 30.d7 Bf6 31.Rb2
a5 32.Nd4 Nb5 33.Nc6 Nc3 34.Nxb4 Nxa2 35.Nxa2

[Event "13th Dubai open 2011"]
[Site "Dubai Chess club"]
[Date "2011.04.12"]
[Round "3"]
[Board "1"]
[White "Carlsson, Pontus"]
[Black "Aboudi, Marwan"]
[Result "1-0"]
[WhiteElo "2496"]
[BlackElo "2184"]
[PlyCount "57"]
[EventDate "2011.04.10"]
[EventRounds "9"]
[EventCountry "UAE"]

1.e4 e5 2.Nf3 Nc6 3.Bb5 Nf6 4.O-O Nxe4 5.d4 Nd6 6.Bxc6 dxc6 7.dxe5 Nf5 8.Qxd8+
Kxd8 9.Nc3 Bd7 10.h3 h6 11.b3 b6 12.Bb2 Kc8 13.Rad1 c5 14.Rd3 Bc6 15.Re1 Be7
16.Nd5 Kb7 17.e6 Bxd5 18.Rxd5 Nd6 19.exf7 Bf6 20.Bxf6 gxf6 21.Re6 Nxf7 22.Rxf6
Nd6 23.Rh5 Rhe8 24.Re5 Rxe5 25.Nxe5 Ne4 26.Rxh6 Rd8 27.Nd3 c4 28.bxc4 Rd4 29.Rh4

[Event "13th Dubai open 2011"]
[Site "Dubai Chess club"]
[Date "2011.04.12"]
[Round "3"]
[Board "1"]
[White "Al-Sayed,  Mohammed"]
[Black "Abedi, Ali"]
[Result "1-0"]
[WhiteElo "2485"]
[BlackElo "2159"]
[PlyCount "97"]
[EventDate "2011.04.10"]
[EventRounds "9"]
[EventCountry "UAE"]

1.d4 Nf6 2.c4 e6 3.Nc3 d5 4.cxd5 exd5 5.Bg5 Be7 6.e3 O-O 7.Bd3 Nbd7 8.Nge2 c5
9.O-O b6 10.Nf4 cxd4 11.exd4 h6 12.Bxf6 Nxf6 13.Qf3 Bb7 14.Rfe1 Bb4 15.Re5 Rc8
16.Nh5 Bxc3 17.bxc3 Ne4 18.Qg4 g6 19.Nf4 Kg7 20.c4 Rxc4 21.Rxe4 dxe4 22.Bxc4
Qxd4 23.Qxg6+ fxg6 24.Ne6+ Kf6 25.Nxd4 Rd8 26.Nc2 Ke5 27.Ne3 h5 28.h4 Bc6 29.Rc1
Rd6 30.Kh2 Kf6 31.Kg3 b5 32.Bb3 Ke5 33.Rc5+ Kd4 34.Rg5 Be8 35.Nd5 a6 36.Nc7 Bd7
37.Nxa6 Bf5 38.Nb4 e3 39.fxe3+ Kxe3 40.Nd5+ Kd2 41.Nf4 Rf6 42.Kh2 Be4 43.Nh3 Bd3
44.Rc5 Ke3 45.Kg3 b4 46.Ng5 Kd4 47.Rc7 Rd6 48.Nf3+ Ke4 49.Re7+

[Event "13th Dubai open 2011"]
[Site "Dubai Chess club"]
[Date "2011.04.12"]
[Round "3"]
[Board "1"]
[White "Ashwin, Jayaram"]
[Black "Dimarucut, Francis Erwin"]
[Result "1-0"]
[WhiteElo "2439"]
[BlackElo "2156"]
[PlyCount "81"]
[EventDate "2011.04.10"]
[EventRounds "9"]
[EventCountry "UAE"]

1.e4 e6 2.d4 d5 3.Nd2 Nf6 4.e5 Nfd7 5.c3 c5 6.f4 Nc6 7.Ndf3 Qb6 8.a3 a5 9.b3
cxd4 10.cxd4 Be7 11.h4 f6 12.Bd3 Nf8 13.Ne2 Bd7 14.Nc3 O-O-O 15.Na4 Qa7 16.Be3
fxe5 17.fxe5 Ng6 18.Qc1 Rhf8 19.Ke2 Rxf3 20.gxf3 Nxh4 21.b4 Kb8 22.Nc5 a4 23.b5
Na5 24.Bg5 Nf5 25.Bxf5 exf5 26.Bxe7 Bxb5+ 27.Kf2 Rc8 28.Qg5 Nb3 29.Qxf5 Re8
30.Nxb3 axb3 31.Bc5 b6 32.Bd6+ Ka8 33.e6 Qb7 34.e7 Qc6 35.Bb4 Qc4 36.Qe5 Qc2+
37.Kg3 b2 38.Rad1 b1=Q 39.Rxb1 Qg6+ 40.Kf4 Bc4 41.Rhg1

[Event "13th Dubai open 2011"]
[Site "Dubai Chess club"]
[Date "2011.04.12"]
[Round "3"]
[Board "1"]
[White "Swapnil, S  Dhopade"]
[Black "Dargan, Paul A G"]
[Result "1-0"]
[WhiteElo "2411"]
[BlackElo "2148"]
[PlyCount "69"]
[EventDate "2011.04.10"]
[EventRounds "9"]
[EventCountry "UAE"]

1.d4 d5 2.c4 e5 3.dxe5 d4 4.Nf3 Nc6 5.a3 Be6 6.e3 dxe3 7.Qxd8+ Rxd8 8.Bxe3 Nge7
9.Nbd2 Nf5 10.Bg5 Rd7 11.h3 h6 12.Bf4 Bc5 13.Ne4 Bd4 14.Rb1 Nfe7 15.Nxd4 Rxd4
16.f3 Bf5 17.Rd1 Rxd1+ 18.Kxd1 Bxe4 19.fxe4 Ng6 20.Be3 Ke7 21.Kc2 Rd8 22.Kc3
Ngxe5 23.Be2 b6 24.b3 f6 25.Rb1 Ke6 26.b4 Nf7 27.c5 Ng5 28.Bd3 Ke5 29.Re1 Ne6
30.Rf1 Ncd4 31.Bc4 bxc5 32.bxc5 Kxe4 33.Re1 Nf4 34.Bxd4+ Kf5 35.g3

[Event "13th Dubai open 2011"]
[Site "Dubai Chess club"]
[Date "2011.04.12"]
[Round "3"]
[Board "1"]
[White "Somoff, Abdo"]
[Black "Tania, Sachdev"]
[Result "0-1"]
[WhiteElo "2172"]
[BlackElo "2407"]
[PlyCount "60"]
[EventDate "2011.04.10"]
[EventRounds "9"]
[EventCountry "UAE"]

1.e4 c5 2.c3 d5 3.exd5 Qxd5 4.d4 Nf6 5.Nf3 e6 6.Be3 cxd4 7.cxd4 Nc6 8.Nbd2 Be7
9.Bc4 Qd8 10.a3 O-O 11.O-O b6 12.Rc1 Bb7 13.Qe2 a6 14.Rfd1 Nd5 15.Ne5 b5 16.Nxc6
Bxc6 17.Bd3 Rc8 18.Ne4 Qb6 19.Bb1 Nxe3 20.Qxe3 b4 21.Nc5 bxa3 22.bxa3 Bf6
23.Nxe6 {Diagram #} [23.Qd3 g6 24.Qxa6 Qxa6 25.Nxa6 Ba4] 23...fxe6 24.Qxe6+ Kh8
25.d5 Bg5 26.Qh3 Qxf2+ 27.Kh1 g6 28.Bxg6 Rc7 29.Bd3 Bxc1 30.dxc6 Re7

[Event "13th Dubai open 2011"]
[Site "Dubai Chess club"]
[Date "2011.04.12"]
[Round "3"]
[Board "1"]
[White "Semiev, Suhrab"]
[Black "Coleman, James"]
[Result "1-0"]
[WhiteElo "2406"]
[BlackElo "2136"]
[PlyCount "69"]
[EventDate "2011.04.10"]
[EventRounds "9"]
[EventCountry "UAE"]

1.d4 Nf6 2.g3 d5 3.Nf3 e6 4.Bg2 b5 5.O-O Bb7 6.a4 b4 7.a5 c5 8.dxc5 Bxc5 9.Nbd2
O-O 10.Nb3 Bd6 11.Be3 Na6 12.Nfd4 Ng4 13.Bc1 Nf6 14.Nb5 Nc5 15.Nxd6 Qxd6 16.Bf4
Qe7 17.Nxc5 Qxc5 18.a6 Bc6 19.Be5 Nd7 20.Bd4 Qb5 21.f4 Nc5 22.e3 f6 23.Re1 Rfe8
24.Bf1 Qb6 25.Qh5 Bb5 26.c4 bxc3 27.b4 Bxf1 28.bxc5 Qb5 29.Rxf1 g6 30.Qd1 e5
31.fxe5 fxe5 32.Bxc3 Qxc5 33.Qd2 Rac8 34.Bb4 Qb5 35.Ra5

[Event "13th Dubai open 2011"]
[Site "Dubai Chess club"]
[Date "2011.04.12"]
[Round "3"]
[Board "1"]
[White "Kowsarinia, Amir"]
[Black "Prathamesh, Sunil Mokal"]
[Result "0-1"]
[WhiteElo "2168"]
[BlackElo "2405"]
[PlyCount "76"]
[EventDate "2011.04.10"]
[EventRounds "9"]
[EventCountry "UAE"]

1.d4 Nf6 2.c4 c5 3.d5 e6 4.Nc3 exd5 5.cxd5 d6 6.e4 g6 7.h3 Bg7 8.Nf3 O-O 9.Bd3
a6 10.a4 Nbd7 11.O-O Nh5 12.Bg5 Bf6 13.Be3 Ng7 14.Nd2 Ne5 15.Be2 g5 16.f4 gxf4
17.Bxf4 Ng6 18.Bh2 Bd4+ 19.Kh1 Ne5 20.Nf3 Nxf3 21.Rxf3 f5 22.Qf1 Rf6 23.Bd3 Qf8
24.Qe2 f4 25.Raf1 Nh5 26.Qd2 Be3 27.Qd1 Qh6 28.e5 dxe5 29.Ne4 Rg6 30.d6 Bd4
31.Qb3+ Be6 32.Qxb7 Rf8 33.Qxa6 Kh8 34.Qa5 Rfg8 35.Qd2 Rxg2 36.Qxg2 Rxg2 37.Kxg2
Ng3 38.Nxg3 Qxh3+

[Event "13th Dubai open 2011"]
[Site "Dubai Chess club"]
[Date "2011.04.12"]
[Round "3"]
[Board "1"]
[White "Zarkua, Davit"]
[Black "Salah, Romany"]
[Result "1-0"]
[WhiteElo "2397"]
[BlackElo "2115"]
[PlyCount "87"]
[EventDate "2011.04.10"]
[EventRounds "9"]
[EventCountry "UAE"]

1.Nf3 d5 2.c4 e6 3.g3 c6 4.b3 f5 5.Bb2 Nf6 6.Bg2 Bd6 7.O-O O-O 8.d4 Qe8 9.Nbd2
Nbd7 10.Ne5 Ne4 11.Ndf3 Ndf6 12.Nd3 a5 13.Nfe5 Qe7 14.f3 Ng5 15.c5 Bc7 16.Bc1
Nf7 17.Nxf7 Qxf7 18.Bg5 h6 19.Bf4 Bxf4 20.gxf4 Qh5 21.Kh1 Nd7 22.Rg1 b6 23.cxb6
Nxb6 24.Rc1 Bb7 25.Nc5 Qf7 26.e3 Nc8 27.Bf1 Qe7 28.Rc2 Nd6 29.Rcg2 Ne8 30.Qe1
Kh7 31.Bd3 Rf6 32.Qh4 Rf7 33.Qh5 Bc8 34.Rg3 Rf6 35.e4 Ra7 36.e5 Rf8 37.Qg6+ Kh8
38.Rh3 Nf6 39.exf6 Qxf6 40.Qxf6 Rxf6 41.Rhg3 Kh7 42.Re1 Bd7 43.Nxd7 Rxd7 44.Rxe6

[Event "13th Dubai open 2011"]
[Site "Dubai Chess club"]
[Date "2011.04.12"]
[Round "3"]
[Board "1"]
[White "Arabi, Saeid"]
[Black "Shiven, Khosla"]
[Result "1-0"]
[WhiteElo "2159"]
[BlackElo "2391"]
[PlyCount "55"]
[EventDate "2011.04.10"]
[EventRounds "9"]
[EventCountry "UAE"]

1.d4 Nf6 2.c4 g6 3.Nf3 Bg7 4.g3 O-O 5.Bg2 d6 6.Nc3 c6 7.O-O Nbd7 8.e4 e5 9.h3
exd4 10.Nxd4 Re8 11.Re1 Nc5 12.Bf4 Ne6 13.Nxe6 Bxe6 14.Qxd6 Bxc4 15.Qb4 b5
16.Rad1 Qc8 17.e5 Bf8 18.Qa5 Nd7 19.Ne4 Bd5 20.Nd6 Bxd6 21.exd6 Nf6 22.Bg5 Bxg2
23.Rxe8+ Qxe8 24.Bxf6 Bxh3 25.Qe1 Qd7 26.Qe3 Qf5 27.Bc3 Bg4 28.d7

[Event "13th Dubai open 2011"]
[Site "Dubai Chess club"]
[Date "2011.04.12"]
[Round "3"]
[Board "1"]
[White "Pourkashiyan, Atousa"]
[Black "Greeff, Melissa"]
[Result "0-1"]
[WhiteElo "2371"]
[BlackElo "2080"]
[PlyCount "80"]
[EventDate "2011.04.10"]
[EventRounds "9"]
[EventCountry "UAE"]

1.e4 c5 2.Nf3 e6 3.Nc3 a6 4.g3 b5 5.d4 cxd4 6.Nxd4 Bb7 7.Bg2 Nf6 8.O-O b4 9.Na4
Bxe4 10.Bxe4 Nxe4 11.Re1 d5 12.c4 bxc3 13.Qh5 Qf6 14.Be3 cxb2 15.Rab1 Bb4 16.Re2
O-O 17.Rexb2 a5 18.Nb6 Ra7 19.Nc2 Rc7 20.Nxb4 axb4 21.Rxb4 Nc6 22.R4b2 Ne7
23.Bf4 Ra7 24.a4 Ng6 25.Bc1 Ne5 26.Rc2 Nf3+ 27.Kf1 d4 28.Bf4 d3 29.Rcb2 Nfg5
30.h4 Nh3 31.Be5 Qg6 32.Qf3 Rd8 33.Kg2 f6 34.Kxh3 fxe5 35.Nc4 Rf7 36.Qe3 Qf5+
37.Kg2 d2 38.Rxd2 Nxd2 39.Nxd2 Qc2 40.Qa3 Qxd2

[Event "13th Dubai open 2011"]
[Site "Dubai Chess club"]
[Date "2011.04.12"]
[Round "3"]
[Board "1"]
[White "Bennett, John M"]
[Black "Zozulia, Anna"]
[Result "0-1"]
[WhiteElo "2153"]
[BlackElo "2369"]
[PlyCount "72"]
[EventDate "2011.04.10"]
[EventRounds "9"]
[EventCountry "UAE"]

1.d4 d6 2.e4 g6 3.c4 Bg7 4.Nc3 Nc6 5.Be3 e5 6.Nge2 Nf6 7.f3 O-O 8.d5 Ne7 9.Qd2
c6 10.O-O-O cxd5 11.cxd5 Bd7 12.Kb1 b5 13.Rc1 Qb8 14.g4 Rc8 15.Ng3 b4 16.Nce2 a5
17.h4 a4 18.h5 a3 19.b3 Qb7 20.hxg6 fxg6 21.g5 Nfxd5 22.exd5 Nxd5 23.Ne4 Nxe3
24.Qxe3 d5 25.Nf6+ Bxf6 26.gxf6 Bf5+ 27.Ka1 d4 28.Qxe5 d3 29.Qf4 Qf7 30.Nd4
Rxc1+ 31.Qxc1 Rc8 32.Qh6 Qc7 33.f7+ Qxf7 34.Qf4 Qa7 35.Bh3 Bxh3 36.Rd1 Bf5

[Event "13th Dubai open 2011"]
[Site "Dubai Chess club"]
[Date "2011.04.12"]
[Round "3"]
[Board "1"]
[White "Surendran, N"]
[Black "Vishnu, Prasanna  V"]
[Result "1-0"]
[WhiteElo "2146"]
[BlackElo "2358"]
[PlyCount "129"]
[EventDate "2011.04.10"]
[EventRounds "9"]
[EventCountry "UAE"]

1.d4 Nf6 2.Nf3 e6 3.c4 d5 4.Nc3 c6 5.Qc2 dxc4 6.a4 c5 7.dxc5 Na6 8.Bg5 Nxc5
9.Rd1 Bd7 10.Rd4 Qa5 11.Rxc4 Nd5 12.Bd2 Nb4 13.Rxb4 Qxb4 14.Nb5 Qxa4 15.Qxa4
Nxa4 16.Nc7+ Kd8 17.Nxa8 Bd6 18.e4 Bc6 19.e5 Bb8 20.b3 Nc5 21.b4 Nd7 22.Ng5 Ke8
23.b5 Bd5 24.b6 axb6 25.Be3 Bxe5 26.Nxb6 Nxb6 27.Bxb6 Ke7 28.Bd3 Bxg2 29.Rg1 Bc6
30.Bc5+ Ke8 31.Ne4 f5 32.Nd6+ Kd7 33.f4 Bc3+ 34.Ke2 Ra8 35.Bc4 b6 36.Rd1 bxc5
37.Ne4+ Ke7 38.Nxc3 Rb8 39.Re1 Rb2+ 40.Kd3 Bd7 41.Ne2 Kf6 42.Kc3 Rb4 43.Nc1 Rb1
44.Bb3 c4 45.Bxc4 Rb6 46.Nd3 h6 47.Nc5 Bc8 48.Rd1 Ke7 49.Ra1 Kd6 50.Kd4 Rc6
51.Nd3 g5 52.Ra7 gxf4 53.Ne5 Rc7 54.Rxc7 Kxc7 55.Kc5 h5 56.h4 Bb7 57.Be2 f3
58.Bxf3 Be4 59.Bxh5 f4 60.Bg4 Kd8 61.Kd6 Ke8 62.Kxe6 Kf8 63.Kf6 Kg8 64.Be6+ Kf8
65.Bf7